000 00288nam a22001337a 4500
008 171020b xxu||||| |||| 00| 0 eng d
020 _a9780273753087
041 _aeng
080 _24 ED
_a338
100 _a54
101 _aMIS
245 _aUSING MIS
_cKRPENKE.D.M
942 _2udc
_cBK
999 _c35079
_d35079